=LDR 00000nam 2200000 4500 =001 INLIS000000000022696 =005 20130612121429 =008 ***********************************Ind** =035 ##$$a0010-061300000022696 =041 ##$$a Ind =082 ##$$a 574.07 =090 ##$$a 574.07Bio b =100 ##$$a Ratiyono =245 ##$$a Biologi 2 =260 ##$$a 2000 $b Jakarta =300 ##$$a 176 hlm, ilus, 25 cm =650 ##$$a Biologi =850 ##$$a NBPNMAT =990 ##$$a 93654/BPAP-NTB/2014